Flows in networks
Gorde:
| Egile Nagusiak: | , |
|---|---|
| Formatua: | Liburua |
| Hizkuntza: | ingelesa |
| Argitaratua: |
Princeton
Princeton University
1962
|
| Gaiak: | |
| Etiketak: |
Etiketa erantsi
Etiketarik gabe, Izan zaitez lehena erregistro honi etiketa jartzen!
|
MARC
| LEADER | 00000nam a2200000 a 4500 | ||
|---|---|---|---|
| 001 | UCP2250 | ||
| 003 | CL-VaPUC | ||
| 008 | 990507e19620000us |||||||||||||||||eng|d | ||
| 082 | 0 | 4 | |a 519.72 |b FOR |2 21 |
| 100 | 0 | |a Ford, L. R |e author |9 428830 | |
| 700 | 0 | |a Fulkerson, D. R |e author |9 428831 | |
| 245 | 1 | 0 | |a Flows in networks |
| 300 | |a 194 p | ||
| 942 | |c BK | ||
| 945 | |d 19990507 00:00:00 |a crobeson | ||
| 260 | |a Princeton |b Princeton University |c 1962 | ||
| 650 | 0 | |a Programación lineal |9 23 | |
| 650 | 7 | |a FLUJO DE REDES |2 CL-VaPUC |9 428832 | |
| 650 | 0 | |a Grafos |9 344754 | |
| 650 | 7 | |a CONJUNTOS PARCIALMENTE ORDENADOS |2 CL-VaPUC |9 428833 | |
| 650 | 0 | |a Matrices |9 22 | |
| 583 | |a last modification |c 20171205 04:39:57 |k Rodrigo Vera | ||
| 999 | |c 280809 |d 280807 | ||